| 000 | 00707cam a2200253 a 4500 | ||
|---|---|---|---|
| 001 | 16939075 | ||
| 005 | 20180215092156.0 | ||
| 008 | 110829s2013 maua 001 0 eng | ||
| 010 | _a 2011937665 | ||
| 020 | _a9781133104094 | ||
| 020 | _a1133104096 | ||
| 040 |
_aDLC _cDLC _dDLC |
||
| 041 | _aeng | ||
| 042 | _apcc | ||
| 080 | _a500.2 SHIP | ||
| 082 | 0 | 0 |
_a500.2 SHIP _223 |
| 100 | 1 | _a8 | |
| 101 | _aFIZ | ||
| 245 | 1 | 3 |
_aAn introduction to physical science / _cJames T. Shipman, Jerry D. Wilson, Charles A. Higgins, Jr. |
| 906 |
_a7 _bcbc _corigcop _d3 _eepcn _f20 _gy-gencatlg |
||
| 942 |
_2ddc _cBK |
||
| 999 |
_c42703 _d42703 |
||